Which Film Doesn't Belong? Quiz Stats

 Plays Quiz Updated Jan 29, 2020

Support Sporcle.
Go Orange.
Score 0/18 Timer 06:00
0 Plays Today
Movies Oddball % Correct
Raging Bull, Sin City, Schindler's List, The Pianist???
59.8%
Octopussy, Thunderball, Never Say Never Again, Goldeneye???
58.1%
Breaking Away, Bang the Drum Slowly, For Love of the Game, The Fan???
55.6%
Rashomon, Grave of the Fireflies, Battle Royale, Oldboy???
54.9%
Heaven's Gate, Ishtar, Dick Tracy, Cutthroat Island???
49.1%
The 39 Steps, Charade, Spellbound, Rebecca???
48.3%
The Gold Rush, The Kid, City Lights, The General???
45.8%
Gallipoli, Ghost, Gremlins, Gandhi???
41.2%
1941, Empire of the Sun, The Goonies, The Terminal???
41%
Movies Oddball % Correct
Hugo, Midnight in Paris, War Horse, Tinker Tailor Soldier Spy???
39.4%
Three Men and a Baby, Top Gun, Home Alone, Attack of the Clones???
37%
King Kong, The Mummy, The Wolf Man, Frankenstein???
36.2%
Mrs. Miniver, Sergeant York, They Were Expendable, The Great Raid???
34.4%
Airport, The Swarm, The Poseidon Adventure, The Towering Inferno, ???
32.4%
Big, Saving Private Ryan, The Green Mile, Cast Away???
29.4%
12 Monkeys, High Fidelity, Rocky, Witness???
29.3%
L.A. Confidential, Raiders of the Lost Ark, MASH, High Noon???
27.9%
Mutiny on the Bounty, Cimarron, The Broadway Melody, Wings???
25.9%

You're not logged in!

Compare scores with friends on all Sporcle quizzes.
OR
Log In
Forgot?

From the Vault

Ruined By A Letter: Disney/Pixar

by samc67

Movies 4m
These movies were so much more complete when they had all their letters.
Remove Ads.
Support Sporcle.
Get the best of Sporcle when you Go Orange. This ad-free experience offers more features, more stats, and more fun while also helping to support Sporcle. Thank you for becoming a member.

Show Comments

Extras

Top Quizzes Today


Score Distribution

Your Account Isn't Verified!

In order to create a playlist on Sporcle, you need to verify the email address you used during registration. Go to your Sporcle Settings to finish the process.

Report this User

Report this user for behavior that violates our Community Guidelines.

Details: